[Event "Moscow op-B"]
[Site "Moscow"]
[Date "2009.02.01"]
[Round "2"]
[White "Zhuravlev, Dmitry"]
[Black "Grebennikov, Igor"]
[Result "0-1"]
[WhiteElo "1975"]
[BlackElo "1400"]
[PlyCount "66"]
[EventDate "2009.01.31"]
[EventType "swiss"]
[EventRounds "9"]
[EventCountry "RUS"]
[SourceTitle "EXT 2012"]
[Source "ChessBase"]
[SourceDate "2011.11.24"]
[SourceVersion "1"]
[SourceVersionDate "2011.11.24"]
[SourceQuality "1"]

1. d4 Nf6 2. c4 g6 3. Nc3 Bg7 4. e4 d6 5. Nf3 0-0 6. Be2 e5 7. dxe5 dxe5 8. Qxd8 Rxd8 9. Bg5 Re8 10. Nd5 Nxd5 11. cxd5 c6 12. dxc6 Nxc6 13. Bb5 Be6 14. Bxc6 bxc6 15. 0-0 Rab8 16. b3 Rb4 17. Be3 h6 18. Rac1 Rc8 19. Nd2 a5 20. Rc5 a4 21. a3 Rb5 22. b4 Rxc5 23. Bxc5 Rd8 24. Nb1 Rd3 25. Rc1 h5 26. Be3 f5 27. Nc3 Bb3 28. g3 f4 29. Bb6 Bh6 30. Nb1 f3 31. Re1 Ba2 32. Bc5 Rb3 33. b5 cxb5 0-1